|
|
|
|
| LEADER |
00000nam0a2200000 4500 |
| 001 |
291700 |
| 005 |
20231102000421.0 |
| 020 |
|
|
|a RU
|b 83-67399
|
| 035 |
|
|
|a (RuTPU)RU\TPU\book\316283
|
| 090 |
|
|
|a 291700
|
| 100 |
|
|
|a 20150416d1983 m y0rusy5003 ca
|
| 101 |
0 |
|
|a rus
|
| 102 |
|
|
|a RU
|
| 105 |
|
|
|a y z 000zy
|
| 200 |
1 |
|
|a Пропагандисту об ораторском искусстве
|f Е. А. Адамов
|
| 210 |
|
|
|a Москва
|c Московский рабочий
|d 1983
|
| 215 |
|
|
|a 160 с.
|
| 225 |
1 |
|
|a Беседы о пропагандистском мастерстве
|
| 606 |
1 |
|
|a Политическое просвещение
|2 stltpush
|3 (RuTPU)RU\TPU\subj\50491
|9 69164
|
| 610 |
1 |
|
|a ораторское искусство
|
| 610 |
1 |
|
|a лекции
|
| 610 |
1 |
|
|a язык
|
| 610 |
1 |
|
|a стиль
|
| 610 |
1 |
|
|a пропаганда
|
| 610 |
1 |
|
|a агитационная работа
|
| 686 |
|
|
|a Ф61(2)511
|2 rubbk
|
| 700 |
|
1 |
|a Адамов
|b Е. А.
|g Евгений Артемьевич
|4 070
|
| 801 |
|
0 |
|a RU
|b RuMRKP
|c 19950704
|g psbo
|
| 801 |
|
1 |
|a RU
|b 63413507
|c 20150416
|
| 801 |
|
2 |
|a RU
|b 63413507
|c 20190111
|g RCR
|
| 942 |
|
|
|c BK
|